000 01907cam a22005054i 4500
003 PE-LiUPU
005 20250731173040.0
008 171022s2017 xx r 000 0 eng d
020 _a1532630166
020 _a9781532630163
035 _a(Sirsi) i9781532630163
035 _a(OCoLC)1007091213
040 _aYDX
_beng
_cYDX
_dPE-LiUPU
_erda
049 _aPRUA
082 0 4 _a253
_bP26
_220
100 1 _aPark, Jeonghyun,
_eautor.
245 1 0 _aPastoral care for survivors of a traumatic death :
_ba challenge for contemporary pastors /
_cJeonghyun Park.
264 1 _aEugene, Oregon :
_bWipf & Stock,
_c2017.
300 _axix, 113 páginas ;
_c22 centímetros
336 _atext
_2rdacontent
337 _aunmediated
_2rdamedia
338 _avolume
_2rdacarrier
504 _aBibliografía : páginas 107-113.
505 0 _aTraumatic death in the larger social and cultural context -- Psychological perspectives on traumatic grief -- The challenge of theology: making meaning -- Overview of the project -- Summary and conclusion.
526 _aSEG42
526 _aSEG41
526 _aSEG40
526 _aSEG39
526 _aP94
526 _aP87
526 _aP86
526 _aP85
526 _aP77
526 _aP76
526 _aP35
650 4 _aReligion -- Ministerio -- Recursos pastorales.
650 4 _aReligion - Ministry - Pastoral resources.
910 _adbm
_bncf
_cncf
_d20171219
942 _2ddc
_cBOOK
949 _a253 P26
_wDEWEY
_c1
_i77652
_lCATALOGING
_mBUL
_p18.00
_r0
_sY
_tBOOK
_u2017-12-19
_xPOSGRADO
_PP85
_0COMPRA
_o.STAFF. Colección Teología.
994 _aC0
_bPEPRU
596 _a1
999 _a253 P26
_wDEWEY
_c26279
_i77652
_f2021-11-10
_g4
_lCCODEBUL1
_mBUL
_p18.00
_r0
_sY
_tBOOK
_u2017-12-19
_xTEOLOGIA
_PP85
_0DONACION
_o.STAFF. Colección Teología.
_d26279
980 _81
_gALBERTO SANCHEZ Responsable de Automatización